000 00492nam a22001097a 4500
008 110608t xxu||||| |||| 00| 0 eng d
010 _aSCCAF-13
245 _aSupreme Court Civil Appeal No.34 of 1995 G.M. Combined (U) Limited Vs A.K. Detergents (U) Limited
260 _aSUPREME COURT MENGO
_c1996
500 _aCORAM: Manyindo, D.C.J. Odoki, J,S.C. & Order, J.S.C.
500 _aAppeal from the order of the High Court at Kampala Tsekooko,J dated 11.7.1994 in High Court Civil suit No. 348 of 1994
999 _c2512
_d2512